Etre et avoir

Збережено в:
Бібліографічні деталі
Автор: Marcel, Gabriel (auteur)
Формат: Книга
Мова:Французька
Опубліковано: París Aubier 1968
Серія:Foi Vivante, 85-86
Предмети:
Теги: Додати тег
Немає тегів, Будьте першим, хто поставить тег для цього запису!

MARC

LEADER 00000nam a2200000 a 4500
001 UCZ4267
003 CL-VaPUC
005 20240820103258.0
008 951106e19680000FR |||||||||||||||||fre|d
999 |c 240682  |d 240680 
040 |c Pontificia Universidad Católica de Valparaíso 
082 0 4 |a 110  |b MAR  |2 21 
100 |a Marcel, Gabriel  |e auteur  |9 880418 
245 1 0 |a Etre et avoir 
260 |a París  |b Aubier  |c 1968 
300 |a v 
490 0 |a Foi Vivante, 85-86 
500 |a v.1: Journal métaphysique 1928 - 1933 
500 |a v.2: Réflexions sur l'irréligion et la foi 
583 |a last modification  |c 19951106 00:00:00  |k Rodrigo Vera 
650 0 |a Metafísica  |9 265649 
650 0 |a Fenomenología  |9 256519 
650 0 |a Filosofía del espíritu  |9 320175 
650 0 |a Creencia Religiosa  |9 316904 
942 |c BK  |2 ddc 
945 |d 19951106 00:00:00  |a lriquelm 
952 |0 0  |1 0  |4 0  |6 110_000000000000000_MAR_1968  |7 0  |8 P  |9 252670  |a BIBEDU  |b BIBEDU  |c BIBEDU_PB  |d 2019-11-18  |h v.1  |i 1594648  |o 110 MAR 1968  |p 1594648  |r 2024-01-25  |w 2019-11-18  |y BK  |k FIL 
952 |0 0  |1 0  |4 0  |6 110_000000000000000_MAR_1968  |7 0  |8 P  |9 252671  |a BIBEDU  |b BIBEDU  |c BIBEDU_PB  |d 2019-11-18  |h v.2  |i 1594656  |o 110 MAR 1968  |p 1594656  |r 2024-01-25  |w 2019-11-18  |y BK  |k FIL